Novalum daivasasthravum (Theological readings on novels)/ (Record no. 31822)

000 -LEADER
fixed length control field 00423nam a22001451a 4500
082 ## - DEWEY DECIMAL CLASSIFICATION NUMBER
Classification number M300 7
Item number THO/N
100 ## - MAIN ENTRY--PERSONAL NAME
Personal name Thomas M M
9 (RLIN) 142407
245 ## - TITLE STATEMENT
Title Novalum daivasasthravum (Theological readings on novels)/
Statement of responsibility, etc. by Thomas M M
260 ## - PUBLICATION, DISTRIBUTION, ETC.
Place of publication, distribution, etc. Ariyannur:
Name of publisher, distributor, etc. Patabhedam,
Date of publication, distribution, etc. 1998.
300 ## - PHYSICAL DESCRIPTION
Extent 100p.
650 ## - SUBJECT ADDED ENTRY--TOPICAL TERM
Topical term or geographic name entry element Novel Malayalam Study
9 (RLIN) 142408
650 ## - SUBJECT ADDED ENTRY--TOPICAL TERM
Topical term or geographic name entry element Literature Malayalam
9 (RLIN) 142409
650 ## - SUBJECT ADDED ENTRY--TOPICAL TERM
Topical term or geographic name entry element Literature
9 (RLIN) 142410
942 ## - ADDED ENTRY ELEMENTS (KOHA)
Koha item type Book
Holdings
Withdrawn status Lost status Source of classification or shelving scheme Damaged status Not for loan Permanent Location Current Location Shelving location Date acquired Cost, normal purchase price Total Checkouts Full call number Barcode Date last seen Cost, replacement price Price effective from Koha item type Date last checked out
          Sree Sankaracharya University of Sanskrit Sree Sankaracharya University of Sanskrit Stacks 08.01.2015 40.00   M300 7 THO/N 007959 08.01.2015 0.00 08.01.2015 Book  
          Sree Sankaracharya University of Sanskrit Sree Sankaracharya University of Sanskrit   08.01.2015 40.00 1 M300 7 THO/N 025041 21.07.2022 0.00 08.01.2015 Book 14.07.2022
          Sree Sankaracharya University of Sanskrit Sree Sankaracharya University of Sanskrit   08.01.2015 40.00 2 M300 7 THO/N 031796 31.08.2019 0.00 08.01.2015 Book 27.08.2019